000
00279nam a22001337a 4500
008
181106b xxu||||| |||| 00| 0 eng d
020
_a
0721678556
041
_a
eng
080
_a
617
100
_a
5
101
_a
KIR
245
_a
Vascular Surgery
_c
Hord,R
942
_2
udc
_c
BK
999
_c
51922
_d
51922